| 000 | 00355pab a2200133 454500 | ||
|---|---|---|---|
| 008 | 180718b xxu||||| |||| 00| 0 eng d | ||
| 100 | _aMohanty, Monoranjan | ||
| 245 | _aThird World: urban crises and conflict | ||
| 650 | _a Urban Conflict | ||
| 650 | _a Urban Crises | ||
| 650 | _aUrbanisation - Underdeveloped Areas | ||
| 773 | _aJNU News | ||
| 909 | _a24476 | ||
| 999 |
_c24476 _d24476 |
||